Normal view
MARC view
- الصلاة -- العبادات ( فقة إسلامي )
Entry Topical Term
001 - CONTROL NUMBER
- control field: 37671
003 - CONTROL NUMBER IDENTIFIER
- control field: JO-AjAnu
005 - DATE AND TIME OF LATEST TRANSACTION
- control field: 20230606080259.0
008 - FIXED-LENGTH DATA ELEMENTS
- fixed length control field: 230606|| aca||aabn | a|a d
040 ## - CATALOGING SOURCE
- Original cataloging agency: JO-AjAnu
- Transcribing agency: JO-AjAnu
150 ## - HEADING--TOPICAL TERM
- Topical term or geographic name entry element: الصلاة -- العبادات ( فقة إسلامي )
670 ## - SOURCE DATA FOUND
- Source citation: Work cat.: (JO-AjAnu)19329: عبدالرحيم ، ابو محمد اشرف بن عبد المقصود , author 37670, الشرح الممتع على زاد المستنقع سجود السهو